000 00628nam a2200193 a 4500
001 12764
003 CO-ViMGA
008 141112s2004 ck r 000 u spa d
040 _aCO-ViMGA
_bspa
_cCO-ViMGA
082 0 4 _a631.44 I57e
110 _aInstituto Geografico Agustin Codazzi
245 1 0 _aEstudio General de suelos de los Municipios de Hato Corozal - Paz de Ariporo y Pore
260 _aBogotá :
_bInstituto Geografico Agustin Codazzi,
_c1976
300 _a329p. : il.
650 1 4 _aANALISIS
_918477
650 1 4 _aDESCRIPCION
_949763
650 1 4 _aSUELOS - CASANARE - COLOMBIA - CLASIFICACION
_918478
942 _2ddc
_cBK
999 _c23708
_d23708